000 00660nam a2200253Ia 4500
001 36625
005 20240114001902.0
007 ta
008 070430s1933 a g b000 u 465 u
040 _aCotton College,Assam
041 _a465
082 _a780.954
_bT 235 Tw
100 _aTelang, M.R. .
245 0 _aThe 22 Srutis of Indian Music /
_cM.R.Telang.
_hTextual Documents
250 _a1st ed. /
260 _aPoona :
_bOriental Book Agency ,
_c1933.
300 _a21p. :
_bill ;
_c20cm .
653 _aIndian Music
653 _aMusic-India
653 _aG-Technology
942 _2ddc
_cBK
999 _c36607
_d36607